000 01038nam a2200289 i 4500
001 106457
003 ES-MaACL
005 20250812062524.0
007 t|
008 221106s1959 sp ||||1| spa d
017 _aM 10.299-1959
080 _a82-3.09
100 1 _aGrien, Raúl.
_959984
245 1 3 _aLa novela futura /
_cRaúl Grien.
260 _aMadrid :
_bAteneo,
_c1959 (
_f"Ediciones Castilla")
300 _a25 p., [2] h. ;
_c19 cm.
490 1 _aColección "O crece o muere"
_v136
_9183476
500 _a"El original de este cuaderno fue dado a conocer por el autor en la campaña de colaboración cultural en los Ateneos de España durante el curso 1957-58"
610 2 _aAteneo de Madrid-
_vConferencias-
_y1940-1982.
_91908
650 1 4 _aNovela-
_xHistoria y crítica.
_915603
830 0 0 _aColección "O crece o muere"
_v136
_9183476
852 4 _aES-MaACL
_j2207-F-13
_bR.138066
_cDEPOF
852 4 _aES-MaACL
_j2243-F-4
942 _2udc
_cFOLLETOS
_n0
999 _c106457
_d106457